Arus

Bibliographic Details
Main Author: Anwar Ridhwan
Format: Book
Published: P.J : Pustaka Cipta , 1985
Subjects:

MARC

LEADER 00000cam a2200000 7i4500
001 0000006526
002 000007039
005 20000330.0
020 |a 9679996220 
090 0 0 |a F   |b ANW 
100 0 |a Anwar Ridhwan 
245 1 0 |a Arus   |c Anwar Ridhwan 
260 |a P.J :   |b Pustaka Cipta ,   |c 1985 
300 |a 121 p. ;   |c 17 cm. 
650 0 0 |a Malay fiction 
999 |a 038405   |b BUKU   |c FICTION   |e PERPUSTAKAAN KOMUNITI PETALING JAYA 
999 |a 038406   |b BUKU   |c FICTION   |e PERPUSTAKAAN KOMUNITI PETALING JAYA